000 01367cam a22003374a 4500
001 13343639
003 ARRUPE
005 20131002111319.0
008 030915s2004 enk b 001 0 eng
010 _a 2003060535
020 _a0521814820
020 _a0521892015 (pbk.)
040 _aDLC
_cDLC
_dDLC
042 _apcc
050 0 0 _aBS2785.53
_b.B76 2004
100 1 _aBrosend, William F.
_q(William Frank),
_d1954-
_92012
245 1 0 _aJames and Jude /
_cWilliam F. Brosend II.
246 1 8 _aJames & Jude
260 _aCambridge, U.K. ;
_aNew York :
_bCambridge University Press,
_c2004.
300 _axv, 206 p. ;
_c24 cm.
440 0 _aNew Cambridge Bible commentary
_92013
504 _aIncludes bibliographical references and indexes.
630 0 0 _aBible N.T.
_pJames
_vCommentaries.
_92014
630 0 0 _aBible N.T.
_pJude
_vCommentaries.
_92015
856 4 1 _3Sample text
_uhttp://www.loc.gov/catdir/samples/cam041/2003060535.html
856 4 2 _3Publisher description
_uhttp://www.loc.gov/catdir/description/cam041/2003060535.html
856 4 1 _3Table of contents
_uhttp://www.loc.gov/catdir/toc/cam041/2003060535.html
906 _a7
_bcbc
_corignew
_d1
_eocip
_f20
_gy-gencatlg
942 _2lcc
_cMONOGRAPH
999 _c118226
_d118226